| 000 | 01041nam a22002417a 4500 | ||
|---|---|---|---|
| 999 |
_c2713 _d2713 |
||
| 003 | AR-CdUCM | ||
| 008 | 190305b ||||| |||| 00| 0 spa d | ||
| 040 |
_aMUNICIPALIDAD PROVINCIAL DEL CUSCO _cBIBLIOTECA MUNICIPAL DEL CUSCO |
||
| 082 |
_a869.9623 / _bZ9M |
||
| 100 |
_aMarinello Vidaurreta, Juan _99502 |
||
| 245 |
_aJosé Martí, escritor americano : _bMartí y el modernismo / |
||
| 260 |
_aMéxico, D.F : _bGrijalbo, _c1958. |
||
| 300 |
_a333 páginas ; _c21 cm. |
||
| 440 |
_aColección mirador _99503 |
||
| 505 | _aContenido: El modernisnmo. La prueba española. El camino americano. Lo francés en Martí. Martí en los modernistas. El magisterio lírico: tradición y libertad. La diferencia desde adentro: el tono romántico -- Por qué supera Martí el modernismo -- Confirmación y resumen ... | ||
| 650 |
_aNacionalismo y Americanismo _99504 |
||
| 650 |
_aCuba _91821 |
||
| 650 |
_aLiteratos _9754 |
||
| 650 |
_aPolítica Literaria _99505 |
||
| 650 |
_aLiteratura Directa _99506 |
||
| 942 |
_2ddc _cLIBROS |
||
| 945 | _araen | ||